000 01104nam a2200325 a 4500
001 000563
003 DO-SdBPM
005 20250613103942.0
007 ta
008 090819s1985 sp 000 spa d
020 _a843102977
040 _aDO-SdBPM
_bspa
_cBPMSU
_erda
082 4 _a741.5
_bS717t 1985
_222
100 1 _aSotillos, Eugenio
_d1919 -2005
_eautor
245 1 4 _aLos tres mosqueteros /
_cAlejandro Dumas ; adaptación E. sotillos
260 _b
_c
264 _aMadrid :
_bEdiciones Toray,
_c1985
300 _avarias paginaciones
_bilustraciones ;
_c25 cm.
336 _atexto
_btxt
_2rdacontent
337 _asin mediación
_bn
_2rdamediacion
338 _avolumen
_bnc
_2 rdacarrier
490 0 _aGrandes aventuras,
_v2
590 _aInventariado, 2025/VM
600 1 4 _aDumas, Alejandro,
_d1802-1870
_tTres mosqueteros
_vAdaptaciones gráficas.
650 4 _aNovela de aventuras
_xTiras cómicas, historietas, etc
650 4 _aNovela gráficas española
_v
650 4 _aMosqueteros
_vNovela gráfica.
910 _aVMateo V. Control de calidad BPMSU
942 _2ddc
_cBK
999 _c15170
_d15170